50 top tools for coaching : (Record no. 12111)
[ view plain ]
| 000 -LEADER | |
|---|---|
| fixed length control field | 01685nam a22003137a 4500 |
| 005 - DATE AND TIME OF LATEST TRANSACTION | |
| control field | 20230512223909.0 |
| 008 - FIXED-LENGTH DATA ELEMENTS--GENERAL INFORMATION | |
| fixed length control field | 220629t xxu||||| |||| 00| 0 eng d |
| 020 ## - INTERNATIONAL STANDARD BOOK NUMBER | |
| International Standard Book Number | 9780749482329 |
| 040 ## - CATALOGING SOURCE | |
| Transcribing agency | CSPC |
| 082 0# - DEWEY DECIMAL CLASSIFICATION NUMBER | |
| Classification number | 658.3124 |
| Item number | J710f |
| 100 ## - MAIN ENTRY--PERSONAL NAME | |
| Personal name | Gillian, Jones |
| Relator term | author. |
| 245 00 - TITLE STATEMENT | |
| Title | 50 top tools for coaching : |
| Remainder of title | a complete toolkit for developing and empowering people/ |
| Statement of responsibility, etc. | Jones Gillian |
| 250 ## - EDITION STATEMENT | |
| Edition statement | 4th Edition |
| 260 ## - PUBLICATION, DISTRIBUTION, ETC. | |
| Place of publication, distribution, etc. | United States : |
| Name of publisher, distributor, etc. | Kogan Page Limited ; |
| Date of publication, distribution, etc. | 2018. |
| 300 ## - PHYSICAL DESCRIPTION | |
| Extent | x, 262 pages : |
| Other physical details | figures, tables : |
| Dimensions | 23 cm. |
| 336 ## - CONTENT TYPE | |
| Source | rdacontent |
| Content type term | text |
| 337 ## - MEDIA TYPE | |
| Source | rdamedia |
| Media type term | unmediated |
| 338 ## - CARRIER TYPE | |
| Source | rdacarrier |
| Carrier type term | volume |
| 500 ## - GENERAL NOTE | |
| General note | Includes, index. |
| 520 ## - SUMMARY, ETC. | |
| Summary, etc. | A complete resource for both in-house and external coaches, 50 Top Tools for Coaching presents the techniques required for every coaching situation. Full of exercises, models, checklists and templates, it covers how to assess the needs of clients, select the right tool for the circumstance and deliver effective coaching with confidence. The book focuses on every stage of the coaching process, from setting up and managing the coaching relationship, understanding and resolving conflict, developing client confidence and performance to enhancing leadership styles and planning for the future. Supporting hints and tips are found throughout explaining how these tools help coaches be more successful. |
| 650 10 - SUBJECT ADDED ENTRY--TOPICAL TERM | |
| Topical term or geographic name entry element | Executive coaching . |
| 650 10 - SUBJECT ADDED ENTRY--TOPICAL TERM | |
| Topical term or geographic name entry element | Leadership |
| General subdivision | Study & Teaching. |
| 700 1# - ADDED ENTRY--PERSONAL NAME | |
| Personal name | Gorell Ro |
| Relator term | author. |
| 940 ## - EQUIVALENCE OR CROSS-REFERENCE--UNIFORM TITLE [OBSOLETE] [CAN/MARC only] | |
| Uniform title | <a href="Malou">Malou</a> |
| 940 ## - EQUIVALENCE OR CROSS-REFERENCE--UNIFORM TITLE [OBSOLETE] [CAN/MARC only] | |
| Uniform title | <a href="Lenie">Lenie</a> |
| 942 ## - ADDED ENTRY ELEMENTS (KOHA) | |
| Koha item type | |
| -- | CIR 658.3124 J710f 2018 |
| Withdrawn status | Lost status | Damaged status | Not for loan | Home library | Current library | Shelving location | Date acquired | Total Checkouts | Full call number | Barcode | Date last seen | Copy number | Price effective from | Koha item type |
|---|---|---|---|---|---|---|---|---|---|---|---|---|---|---|
| Main Library | Main Library | Circulation Section | 05/12/2023 | CIR 658.3124 J710f 2018 | 024242 | 05/12/2023 | 1-2 | 05/12/2023 | Books | |||||
| Main Library | Main Library | Circulation Section | 05/12/2023 | CIR 658.3124 J710f 2018 | 024243 | 05/12/2023 | 2-2 | 05/12/2023 | Books |